Implementation of real-time smart antenna system / (Record no. 183528)
[ view plain ]
| 000 -LEADER | |
|---|---|
| fixed length control field | 00870 a2200193 4500 |
| 003 - CONTROL NUMBER IDENTIFIER | |
| control field | NUST |
| 005 - DATE AND TIME OF LATEST TRANSACTION | |
| control field | 20251113133452.0 |
| 040 ## - CATALOGING SOURCE | |
| Transcribing agency | Nust |
| 082 ## - DEWEY DECIMAL CLASSIFICATION NUMBER | |
| Classification number | 621.382,RAS |
| 100 ## - MAIN ENTRY--PERSONAL NAME | |
| Personal name | Rasheed , NC Aamer Muhammad (TCC-14) |
| 9 (RLIN) | 131879 |
| 245 ## - TITLE STATEMENT | |
| Title | Implementation of real-time smart antenna system / |
| Statement of responsibility, etc. | NC Muhammad Aamer Rasheed, NC Shafqat Ullah Momin, NC Shakeel Khan and NC Usman Babar. |
| 260 ## - PUBLICATION, DISTRIBUTION, ETC. | |
| Place of publication, distribution, etc. | Rawalpindi |
| Name of publisher, distributor, etc. | MCS (NUST) |
| Date of publication, distribution, etc. | 2006 |
| 300 ## - PHYSICAL DESCRIPTION | |
| Extent | 79 p.; |
| 505 ## - FORMATTED CONTENTS NOTE | |
| Formatted contents note | Introduction (Page-4), Code Division Multiple Access (CDMA) (Page-7), Antenna Arrays and Beamforming (Page-17), Beamforming Algorithms (Page-30), Multi-Target Dispreads Respreads Algorithms (Page-41), Simulation Results & Analysis (Page-51), Implementation (Page-71). |
| 650 ## - SUBJECT ADDED ENTRY--TOPICAL TERM | |
| Topical term or geographic name entry element | UG Projects |
| 9 (RLIN) | 98716 |
| 651 ## - SUBJECT ADDED ENTRY--GEOGRAPHIC NAME | |
| Geographic name | TCC-14 |
| 700 ## - ADDED ENTRY--PERSONAL NAME | |
| Personal name | Supervised by Wing Cdr (R) Muhammd Asghar |
| 9 (RLIN) | 131880 |
| 942 ## - ADDED ENTRY ELEMENTS (KOHA) | |
| Koha item type | Project Report |
| Source of classification or shelving scheme | |
| Withdrawn status | Lost status | Source of classification or shelving scheme | Damaged status | Not for loan | Permanent Location | Current Location | Shelving location | Date acquired | Full call number | Barcode | Date last seen | Price effective from | Koha item type | Public note |
|---|---|---|---|---|---|---|---|---|---|---|---|---|---|---|
| Military College of Signals (MCS) | Military College of Signals (MCS) | Reference | 12/12/2016 | 621.382,RAS | MCSPTC-66 | 12/08/2016 | 12/12/2016 | Project Report | Almirah No. 94, Shelf No. 2 |
